[Event "Oberliga Nord W 2122"]
[Site "Germany"]
[Date "2022.05.01"]
[Round "9.7"]
[White "Hoellmann, Ludger"]
[Black "Meyer, Thorsten1111"]
[Result "0-1"]
[WhiteElo "2111"]
[BlackElo "1982"]
[PlyCount "94"]
[EventDate "2021.10.10"]
[EventType "team-tourn"]
[EventRounds "9"]
[EventCountry "GER"]
[SourceTitle "EXT 2023"]
[Source "ChessBase"]
[SourceDate "2022.10.05"]
[SourceVersion "1"]
[SourceVersionDate "2022.10.05"]
[SourceQuality "1"]
[WhiteTeam "Nordhorn Blanke"]
[BlackTeam "Delmenhorst"]
[WhiteTeamCountry "GER"]
[BlackTeamCountry "GER"]

1. d4 Nf6 2. Nf3 d6 3. g3 g6 4. Bg2 Bg7 5. 0-0 0-0 6. b3 Nbd7 7. Bb2 Re8 8. c4 c6 9. Re1 d5 10. Nc3 Nf8 11. cxd5 cxd5 12. Rc1 a6 13. Ne5 Bh6 14. e3 Be6 15. b4 Qd6 16. Qb3 Ne4 17. Na4 f6 18. Nf3 b5 19. Nc5 Bf7 20. a4 Reb8 21. axb5 axb5 22. Ra1 Qc6 23. Rec1 Rxa1 24. Rxa1 Ra8 25. Rxa8 Qxa8 26. Bf1 Nd6 27. Nd2 Nc4 28. Bc3 Be8 29. Bg2 Bc6 30. Qc2 Kf7 31. h4 Ne6 32. h5 Ng7 33. hxg6+ hxg6 34. Bh3 f5 35. Nf3 e6 36. Bf1 g5 37. Ne5+ Nxe5 38. dxe5 g4 39. Bd4 Ne8 40. Nb3 Bf8 41. Bc5 Bg7 42. Bd4 Bf8 43. Na5 Bd7 44. Qc3 Qa6 45. Bd3 Qc8 46. Bc5 Qc7 47. Qb2 Bxc5 0-1

[Event "Pardubice Czech op-A 29th"]
[Site "Pardubice"]
[Date "2018.07.20"]
[Round "1"]
[White "Rahul, Srivatshav P"]
[Black "Hoellmann, Ludger"]
[Result "1-0"]
[WhiteElo "2397"]
[BlackElo "2145"]
[PlyCount "65"]
[EventDate "2018.07.20"]
[EventType "swiss"]
[EventRounds "9"]
[EventCountry "CZE"]
[SourceTitle "CBM 185 Extra"]
[Source "ChessBase"]
[SourceDate "2018.07.29"]
[SourceVersion "1"]
[SourceVersionDate "2018.07.29"]
[SourceQuality "1"]

1. d4 d5 2. Bf4 Nf6 3. e3 e6 4. Nd2 Bd6 5. Bg3 0-0 6. Ngf3 b6 7. Bd3 c5 8. c3 Ba6 9. Qe2 Bxd3 10. Qxd3 Nc6 11. Rd1 Rc8 12. e4 Be7 13. dxc5 Bxc5 14. Qe2 Be7 15. 0-0 Qe8 16. exd5 Nxd5 17. Ne4 f6 18. Nd6 Bxd6 19. Bxd6 Rf7 20. Rfe1 Rd7 21. Rxd5 Rcd8 22. Qd1 Qf7 23. Rd2 Na5 24. Bf4 e5 25. Be3 Rxd2 26. Nxd2 Qxa2 27. Qc2 Qd5 28. h3 h6 29. Bxh6 gxh6 30. Qg6+ Kf8 31. Qxf6+ Kg8 32. Re3 Kh7 33. Rxe5 1-0

[Event "Niedersachsen-ch"]
[Site "Verden"]
[Date "2018.01.06"]
[Round "5"]
[White "Hoellmann, Ludger"]
[Black "Rau, Uwe"]
[Result "1-0"]
[WhiteElo "2106"]
[BlackElo "2119"]
[PlyCount "67"]
[EventDate "2018.01.04"]
[EventType "swiss"]
[EventRounds "7"]
[EventCountry "GER"]
[SourceTitle "EXT 2022"]
[Source "ChessBase"]
[SourceDate "2021.10.06"]
[SourceVersion "1"]
[SourceVersionDate "2021.10.06"]
[SourceQuality "1"]

1. Nf3 Nf6 2. c4 c5 3. d4 cxd4 4. Nxd4 b6 5. Nc3 Bb7 6. Bg5 a6 7. e3 d6 8. Bxf6 gxf6 9. Qh5 Qc8 10. Nd5 Bxd5 11. Qxd5 Ra7 12. Be2 e6 13. Qh5 Rc7 14. 0-0 Rc5 15. Qh3 h5 16. Rad1 Nc6 17. f4 h4 18. Nb3 f5 19. Nxc5 bxc5 20. Bf3 Be7 21. Bxc6+ Qxc6 22. Qf3 Qc8 23. e4 fxe4 24. Qxe4 f5 25. Qf3 Kf7 26. Rd3 Bf6 27. Rxd6 Bxb2 28. Rb1 Bd4+ 29. Kh1 Ke7 30. Rbb6 a5 31. Ra6 h3 32. g3 Rh6 33. Rdb6 Kf6 34. Rxe6+ 1-0

[Event "Niedersachsen-ch"]
[Site "Verden"]
[Date "2018.01.05"]
[Round "4"]
[White "Voege, Tobias"]
[Black "Hoellmann, Ludger"]
[Result "1-0"]
[WhiteElo "2142"]
[BlackElo "2106"]
[PlyCount "45"]
[EventDate "2018.01.04"]
[EventType "swiss"]
[EventRounds "7"]
[EventCountry "GER"]
[SourceTitle "EXT 2022"]
[Source "ChessBase"]
[SourceDate "2021.10.06"]
[SourceVersion "1"]
[SourceVersionDate "2021.10.06"]
[SourceQuality "1"]

1. c4 e6 2. d4 d5 3. Nc3 Nf6 4. Bg5 Be7 5. e3 Nbd7 6. cxd5 exd5 7. Bd3 h6 8. Bh4 c6 9. Nge2 Nh5 10. Bxe7 Qxe7 11. g4 Nhf6 12. Ng3 Nb6 13. h3 Bd7 14. Qc2 0-0-0 15. 0-0-0 Kb8 16. Kb1 g6 17. Rhe1 Bc8 18. f3 Qd6 19. Qf2 Rhf8 20. Bf1 c5 21. Nb5 Qc6 22. dxc5 Qxc5 23. Qh2 1-0

[Event "Niedersachsen-ch"]
[Site "Verden"]
[Date "2018.01.04"]
[Round "2"]
[White "Hoellmann, Ludger"]
[Black "Mueer, Sebastian"]
[Result "1-0"]
[WhiteElo "2106"]
[BlackElo "2236"]
[PlyCount "51"]
[EventDate "2018.01.04"]
[EventType "swiss"]
[EventRounds "7"]
[EventCountry "GER"]
[SourceTitle "EXT 2022"]
[Source "ChessBase"]
[SourceDate "2021.10.06"]
[SourceVersion "1"]
[SourceVersionDate "2021.10.06"]
[SourceQuality "1"]

1. Nf3 c5 2. c4 Nc6 3. d4 cxd4 4. Nxd4 Nf6 5. Nc3 e6 6. Ndb5 d5 7. Bf4 e5 8. cxd5 exf4 9. dxc6 bxc6 10. Qxd8+ Kxd8 11. Rd1+ Bd7 12. Nd6 Kc7 13. Nxf7 Rg8 14. Ne5 Be6 15. g3 Rb8 16. Bg2 Rxb2 17. Nxc6 Bc5 18. 0-0 fxg3 19. hxg3 Ng4 20. Nd4 Bxd4 21. Rxd4 Rd8 22. Nb5+ Rxb5 23. Rc1+ Kb6 24. Rxd8 Ka5 25. Rd6 Bf7 26. Rd7 1-0

[Event "Oberliga Nord W 1617"]
[Site "Germany"]
[Date "2017.03.19"]
[Round "7.7"]
[White "Witthaus, Joerg"]
[Black "Hoellmann, Ludger"]
[Result "1/2-1/2"]
[WhiteElo "2007"]
[BlackElo "2051"]
[PlyCount "92"]
[EventDate "2016.10.16"]
[EventType "team-tourn"]
[EventRounds "9"]
[EventCountry "GER"]
[SourceTitle "EXT 2018"]
[Source "ChessBase"]
[SourceDate "2017.10.13"]
[SourceVersion "1"]
[SourceVersionDate "2017.10.13"]
[SourceQuality "1"]
[WhiteTeam "Hannover SF"]
[BlackTeam "Nordhorn Blanke"]
[WhiteTeamCountry "GER"]
[BlackTeamCountry "GER"]

1. d4 Nf6 2. Nf3 g6 3. c4 Bg7 4. Nc3 d5 5. Bf4 0-0 6. e3 c5 7. Ne5 Be6 8. Be2 dxc4 9. 0-0 cxd4 10. Qxd4 Qxd4 11. exd4 Nd5 12. Nxd5 Bxd5 13. Rfc1 Nc6 14. Nxc6 Bxc6 15. Be3 Rfd8 16. Rxc4 Bb5 17. Rc2 Bxe2 18. Rxe2 e6 19. Rd2 Rac8 20. Rad1 Rd5 21. Kf1 Kf8 22. Ke2 Ke7 23. Rd3 a6 24. R1d2 Kd7 25. Kd1 b5 26. Rc2 Rc6 27. Kd2 Rxc2+ 28. Kxc2 Kc6 29. Rc3+ Kb7 30. Rd3 Rd7 31. b3 Bf8 32. Bc1 Kc6 33. Rc3+ Kd5 34. Kd3 Bd6 35. h3 Rc7 36. Bb2 Rxc3+ 37. Bxc3 f5 38. f3 Be7 39. g4 Bh4 40. Bd2 Bf2 41. Bc3 Bg1 42. a4 Bf2 43. axb5 axb5 44. Bb2 h5 45. Bc3 Bh4 46. Bd2 Bf6 1/2-1/2

[Event "Oberliga Nord W 1516"]
[Site "Germany"]
[Date "2015.12.13"]
[Round "4.5"]
[White "Hoellmann, Ludger"]
[Black "Kessler, Marcel"]
[Result "0-1"]
[WhiteElo "2124"]
[BlackElo "1997"]
[PlyCount "118"]
[EventDate "2015.09.20"]
[EventType "team-tourn"]
[EventRounds "9"]
[EventCountry "GER"]
[SourceTitle "CBM 170 Extra"]
[Source "ChessBase"]
[SourceDate "2016.02.25"]
[SourceVersion "1"]
[SourceVersionDate "2016.02.25"]
[SourceQuality "1"]
[WhiteTeam "Nordhorn Blanke"]
[BlackTeam "Wolfsburg"]
[WhiteTeamCountry "GER"]
[BlackTeamCountry "GER"]

1. d4 d5 2. c4 e6 3. Nc3 Nf6 4. cxd5 exd5 5. Bg5 Be7 6. e3 0-0 7. Bd3 c6 8. h3 Nbd7 9. Qc2 Re8 10. Nf3 Ne4 11. Bf4 Nef6 12. 0-0 Nf8 13. Ne5 Ng6 14. Bh2 Bd6 15. f4 a6 16. Na4 Nd7 17. Rae1 Ndf8 18. a3 Qc7 19. Kh1 Ne7 20. g4 f6 21. Nf3 Be6 22. Nc5 Bd7 23. Qg2 Bxc5 24. dxc5 Qa5 25. Qc2 Be6 26. f5 Bf7 27. Nd4 Nd7 28. Ne6 Bxe6 29. fxe6 Nf8 30. Bd6 Neg6 31. Bf5 Nxe6 32. Bxg6 hxg6 33. Qxg6 Qd2 34. b4 Ng5 35. h4 Nf3 36. Rd1 Qxe3 37. Rd3 Nxh4 38. Rxe3 Nxg6 39. Rfe1 Kf7 40. Kg2 Rxe3 41. Rxe3 Re8 42. Rh3 Re4 43. Rg3 Nf4+ 44. Kf3 g5 45. Kf2 Ke6 46. Kf3 Ne2 47. Rg2 Nd4+ 48. Kg3 Re3+ 49. Kf2 Re2+ 50. Kf1 Rxg2 51. Kxg2 Nc2 52. Kf3 Nxa3 53. Bc7 Nc2 54. Ba5 f5 55. gxf5+ Kxf5 56. Ke2 Ke4 57. Kd2 Ne3 58. Bc7 g4 59. Bg3 Nf1+ 0-1